[Event "11. Lichtenberger Sommer"]
[Site "Berlin"]
[Date "2012.08.22"]
[Round "5.54"]
[White "Richter, Götz"]
[Black "Möller, Dustin"]
[Result "1/2-1/2"]
[WhiteElo "2019"]
[BlackElo "1838"]
[PlyCount "69"]
[EventDate "2012.??.??"]
[WhiteTeam "Klub Kölner Schachfreunde e.V. 1"]
[BlackTeam "Eckernförder SC von 1921"]

1. e4 e6 2. d4 d5 3. Nc3 Bb4 4. exd5 exd5 5. Bd3 Nc6 6. a3 Ba5 7. Nge2 Nge7 8.
O-O Bf5 9. Ng3 Bxd3 10. Qxd3 Bxc3 11. Qxc3 O-O 12. Bf4 Ng6 13. Qd2 Nxf4 14.
Qxf4 Re8 15. Rfe1 Qd7 16. Nf5 Rxe1+ 17. Rxe1 Re8 18. Rxe8+ Qxe8 19. h4 Qe6 20.
Ne3 Qd7 21. h5 Ne7 22. Qe5 Qd6 23. Qg5 Qf6 24. Qxf6 gxf6 25. Kh2 Kg7 26. Kh3 f5
27. Kg3 Kh6 28. Kf4 Kxh5 29. Nxf5 Ng6+ 30. Kg3 Kg5 31. Ne3 c6 32. f3 f5 33. Kf2
f4 34. Nd1 Ne7 35. c3 1/2-1/2

[Event "11. Lichtenberger Sommer"]
[Site "Berlin"]
[Date "2012.08.22"]
[Round "5.55"]
[White "Schubert, Joachim"]
[Black "Baumert, Christian"]
[Result "1-0"]
[WhiteElo "1771"]
[BlackElo "2158"]
[PlyCount "81"]
[EventDate "2012.??.??"]
[WhiteTeam "SC Friesen Lichtenberg e.V."]
[BlackTeam "SG Lasker Steglitz-Wilmersdorf"]

1. e4 c6 2. d4 d5 3. exd5 cxd5 4. Bd3 Nc6 5. c3 Nf6 6. Bf4 e6 7. Nd2 a6 8. a4
Bd6 9. Bg5 e5 10. dxe5 Nxe5 11. Bc2 O-O 12. Ne2 Re8 13. O-O Bc7 14. Nd4 Bg4 15.
f3 Bh5 16. Re1 Qd6 17. Nf1 h6 18. Bh4 Bg6 19. Rc1 Nh5 20. Kh1 Qd7 21. Bf2 Nf4
22. Bg3 Bxc2 23. Qxc2 Nfd3 24. Rxe5 Nxe5 25. Rd1 Ng6 26. Bf2 Nf4 27. Ng3 Re5
28. Ndf5 g6 29. Nxh6+ Kh7 30. Ng4 Re6 31. Ne4 Qe7 32. Bc5 Qd8 33. c4 Rxe4 34.
fxe4 Qh4 35. h3 Kg8 36. Bf2 Qg5 37. cxd5 Be5 38. Bd4 Bxd4 39. Rxd4 f5 40. exf5
Re8 41. Kh2 1-0

[Event "11. Lichtenberger Sommer"]
[Site "Berlin"]
[Date "2012.08.22"]
[Round "5.56"]
[White "Lohse, Steffen"]
[Black "Scheide, Helmut"]
[Result "1/2-1/2"]
[WhiteElo "1928"]
[BlackElo "1998"]
[PlyCount "153"]
[EventDate "2012.??.??"]
[WhiteTeam "SV Osram e.V."]
[BlackTeam "USV Potsdam e.V., Abt. Schach"]

1. d4 Nf6 2. Bg5 c6 3. c3 Ne4 4. Bf4 Qb6 5. Qb3 d5 6. f3 Nf6 7. Nd2 Nbd7 8. e4
g6 9. e5 Nh5 10. Be3 Ng7 11. Bd3 Nxe5 12. Bc2 Qxb3 13. axb3 Nd7 14. g4 a6 15.
f4 Nf6 16. h3 e6 17. b4 Bd6 18. Ngf3 Nd7 19. O-O-O Nb6 20. Ne5 f6 21. Nd3 a5
22. bxa5 Rxa5 23. b4 Ra8 24. Kb2 O-O 25. Ra1 Bd7 26. Kb3 Rxa1 27. Rxa1 Ra8 28.
Rxa8+ Nxa8 29. c4 dxc4+ 30. Nxc4 Bc7 31. Nc5 Bc8 32. Be4 Ne8 33. Bf3 Nb6 34.
Nxb6 Bxb6 35. Na4 Ba7 36. Nc5 Nd6 37. Kc3 Kf7 38. Kd3 b6 39. Nb3 Ba6+ 40. Kc3
Bb5 41. Nd2 Ke7 42. h4 f5 43. g5 Bb8 44. Bg2 Kd7 45. Bf3 Bc7 46. Bg2 Be2 47.
Bh1 Ne8 48. Nc4 Bxc4 49. Kxc4 Bd6 50. Bf3 Nc7 51. Bd2 b5+ 52. Kd3 Na8 53. Kc3
Nb6 54. Kd3 Bc7 55. Bg2 Kd6 56. Bf3 Nd5 57. Bg2 Nb6 58. Kc3 Nc8 59. Kd3 Kd7 60.
Kc3 Nd6 61. Bc1 Ne8 62. Bd2 Ng7 63. Bf3 Nh5 64. Bxh5 gxh5 65. Bc1 Kd6 66. Be3
Kd5 67. Kd3 Bb8 68. Bc1 Ba7 69. Be3 Bb6 70. Bf2 Bc7 71. Be3 Bd8 72. Bf2 Be7 73.
Be1 Bf8 74. Bc3 Bg7 75. Bb2 Bf8 76. Bc3 Bd6 77. Bd2 1/2-1/2

[Event "11. Lichtenberger Sommer"]
[Site "Berlin"]
[Date "2012.08.22"]
[Round "5.57"]
[White "Schmidek, Emil"]
[Black "Zesewitz, Martin"]
[Result "1-0"]
[WhiteElo "1836"]
[BlackElo "1870"]
[PlyCount "51"]
[EventDate "2012.??.??"]
[WhiteTeam "TuS Makkabi Berlin e.V."]
[BlackTeam "SF Friedrichshagen"]

1. e4 c6 2. Nf3 d5 3. Nc3 Nf6 4. e5 Ne4 5. d4 Nxc3 6. bxc3 c5 7. Bd3 Nc6 8. O-O
Bg4 9. h3 Bh5 10. g4 Bg6 11. e6 f6 12. Bxg6+ hxg6 13. Qd3 Qd6 14. Qxg6+ Kd8 15.
dxc5 Qxc5 16. Be3 Qd6 17. Rfd1 Ne5 18. Nxe5 Qxe5 19. c4 Qxe6 20. Bf4 b6 21.
Rxd5+ Kc8 22. Rad1 Qc6 23. Rd8+ Kb7 24. R1d7+ Ka6 25. Qd3 e5 26. c5+ 1-0

[Event "11. Lichtenberger Sommer"]
[Site "Berlin"]
[Date "2012.08.22"]
[Round "5.58"]
[White "Harringer, Manfred"]
[Black "Prix, Siegfried"]
[Result "1/2-1/2"]
[WhiteElo "1900"]
[BlackElo "1800"]
[PlyCount "34"]
[EventDate "2012.??.??"]
[WhiteTeam "vereinslos"]
[BlackTeam "Sfrd. Berlin 1903 e.V."]

1. e4 c5 2. Nf3 Nc6 3. Nc3 Nf6 4. Bb5 d6 5. h3 Bd7 6. a4 a6 7. Bc4 e6 8. d3 g6
9. Be3 Bg7 10. Ba2 Qa5 11. O-O O-O 12. Qd2 Nb4 13. Bb3 Qc7 14. Bh6 Nc6 15. Bxg7
Kxg7 16. Qe3 Ne7 17. d4 c4 1/2-1/2

[Event "11. Lichtenberger Sommer"]
[Site "Berlin"]
[Date "2012.08.22"]
[Round "5.59"]
[White "Casny, Guenter"]
[Black "Dreke, Frank"]
[Result "0-1"]
[WhiteElo "1860"]
[BlackElo "2025"]
[PlyCount "118"]
[EventDate "2012.??.??"]
[WhiteTeam "SC Rochade e.V."]
[BlackTeam "Treptower SV 1949 e.V."]

1. g3 e5 2. Bg2 Nc6 3. e4 Nf6 4. Nc3 Bc5 5. Nge2 a6 6. O-O h5 7. Nd5 h4 8. d4
Nxd4 9. Nxd4 Bxd4 10. c3 Ba7 11. Bg5 hxg3 12. hxg3 c6 13. Nxf6+ gxf6 14. Bh4 d6
15. Qf3 Rh6 16. Rad1 Be6 17. b3 Qe7 18. Rd2 O-O-O 19. c4 Rg8 20. Kh2 Qd7 21.
Rh1 Bd4 22. Kg1 f5 23. Kf1 fxe4 24. Qxe4 f5 25. Qe2 Kb8 26. Rxd4 exd4 27. Qd2
Qg7 28. Qf4 Bd7 29. c5 Re6 30. cxd6 Qg4 31. Qxg4 fxg4 32. Be7 d3 33. f3 Re2 34.
f4 Rxa2 35. Be4 Ra1+ 36. Kf2 Rxh1 37. Bxh1 Bf5 38. Ke3 Kc8 39. Bg2 Rh8 40. Bf1
Rh1 41. Bxd3 Bxd3 42. Kxd3 Rg1 43. Bh4 Kd7 44. Ke4 Kxd6 45. Kf5 Rb1 46. Kxg4
Ke6 47. Kg5 Kf7 48. f5 Rxb3 49. Kf4 a5 50. g4 a4 51. Bf2 a3 52. g5 a2 53. g6+
Kg8 54. f6 Rb4+ 55. Kg5 a1=Q 56. f7+ Kg7 57. f8=Q+ Kxf8 58. Bc5+ Kg7 59. Bxb4
Qe5+ 0-1

[Event "11. Lichtenberger Sommer"]
[Site "Berlin"]
[Date "2012.08.22"]
[Round "5.60"]
[White "Lübke, Thomas"]
[Black "Muskewitz, Bernd"]
[Result "1/2-1/2"]
[WhiteElo "1990"]
[BlackElo "1992"]
[PlyCount "142"]
[EventDate "2012.??.??"]
[WhiteTeam "FVS ASP Hoyerswerda"]
[BlackTeam "TSG Oberschöneweide e.V."]

1. e4 c5 2. c3 d5 3. exd5 Qxd5 4. Nf3 Nc6 5. Na3 Bg4 6. Be2 Nf6 7. Nc2 Qd8 8.
d4 e6 9. O-O h6 10. dxc5 Bxc5 11. Be3 Qe7 12. Nfd4 Bxe2 13. Qxe2 Rc8 14. Rad1
O-O 15. Nxc6 Rxc6 16. Nd4 Ra6 17. Qc4 Bb6 18. Rfe1 Rd8 19. Rd3 Nd5 20. Nf5 Qf6
21. Ng3 Nxe3 22. Rxd8+ Qxd8 23. fxe3 Ra5 24. a3 Rd5 25. Qf4 Rd1 26. Qf2 Qd3 27.
Rxd1 Qxd1+ 28. Nf1 Qd3 29. h3 Bc7 30. Kh1 b5 31. Qf3 f5 32. Qf2 Bb6 33. Qf4 e5
34. Qf3 Qb1 35. Kh2 Qd3 36. Ng3 Bxe3 37. Nxf5 Bf4+ 38. Ng3 Qxf3 39. gxf3 Bc1
40. b4 Bxa3 41. Ne4 Kf8 42. Nd6 a6 43. Kg3 Ke7 44. Ne4 g6 45. Kf2 Bc1 46. Ke2
Ke6 47. Nc5+ Kd5 48. Kd3 a5 49. Nb3 Bg5 50. bxa5 Bd8 51. a6 Bb6 52. Nd2 Kc6 53.
Ne4 Bd8 54. Nd6 Kb6 55. Nxb5 Kxa6 56. Nd6 Bf6 57. Ke4 Kb6 58. Nf7 Bg7 59. Nxe5
Kc5 60. Nxg6 Bxc3 61. Ne5 Bd2 62. f4 h5 63. Kf5 Bc1 64. Kg6 Kd5 65. Nd3 Be3 66.
Kxh5 Ke4 67. Kg6 Kxd3 68. f5 Ke4 69. f6 Ke5 70. h4 Ke6 71. h5 Bh6 1/2-1/2

[Event "11. Lichtenberger Sommer"]
[Site "Berlin"]
[Date "2012.08.22"]
[Round "5.61"]
[White "König, Frank"]
[Black "Schrodt, Horst"]
[Result "0-1"]
[WhiteElo "1949"]
[BlackElo "1730"]
[PlyCount "138"]
[EventDate "2012.??.??"]
[WhiteTeam "BSG 1827 Eckbauer e.V."]
[BlackTeam "SC Eintracht Berlin e.V."]

1. Nf3 c6 2. g3 d5 3. d3 Nf6 4. Bg2 Bf5 5. O-O e6 6. Nbd2 Be7 7. Qe1 h6 8. e4
dxe4 9. dxe4 Bh7 10. Qe2 O-O 11. Rd1 Qc7 12. b3 Nbd7 13. Bb2 Rad8 14. e5 Nd5
15. c4 Nb4 16. Ne4 Bxe4 17. Qxe4 Nc5 18. Qe2 Rxd1+ 19. Qxd1 Rd8 20. Qe2 Nd7 21.
a3 Na6 22. b4 Nf8 23. Nd2 Qd7 24. Ne4 Qd3 25. Qg4 Qc2 26. Bc3 Qd3 27. Bf1 Qc2
28. Re1 Nc7 29. Ba1 Ne8 30. c5 Qb3 31. Nd6 Qxa3 32. Qf4 Bxd6 33. exd6 Nd7 34.
Qd4 a5 35. Bc3 axb4 36. Bxb4 Qf3 37. Re3 Qf6 38. Qc4 Ra8 39. Bc3 Qg5 40. Qb4
Rb8 41. Bd4 Qd8 42. Rb3 Nef6 43. Bd3 Nd5 44. Qe1 N5f6 45. Qb1 Qc8 46. f4 Ne8
47. Bh7+ Kf8 48. Qe1 Ndf6 49. Bd3 Qd7 50. Kg2 b6 51. cxb6 Qxd6 52. Qe5 Qd5+ 53.
Qxd5 Nxd5 54. b7 Nd6 55. Be5 Ke7 56. Ba6 f6 57. Bd4 Nc7 58. Rb6 Nxa6 59. Rxa6
Kd7 60. Ra8 Rxb7 61. Bc5 Rb2+ 62. Kh3 Nc8 63. Bf8 g5 64. Bxh6 g4+ 65. Kxg4 Rxh2
66. Bg7 f5+ 67. Kf3 Rc2 68. Rb8 Nd6 69. g4 fxg4+ 0-1

[Event "11. Lichtenberger Sommer"]
[Site "Berlin"]
[Date "2012.08.22"]
[Round "5.62"]
[White "Reiche, Henry"]
[Black "Boeck, Rüdiger"]
[Result "1-0"]
[WhiteElo "2004"]
[BlackElo "1845"]
[PlyCount "99"]
[EventDate "2012.??.??"]
[WhiteTeam "SC Zugzwang 95 e.V."]
[BlackTeam "SC Weisse Dame Ulm e.V."]

1. e4 e5 2. Nf3 Nc6 3. Bb5 a6 4. Ba4 Nf6 5. O-O b5 6. Bb3 Be7 7. Re1 d6 8. c3
Na5 9. Bc2 c5 10. d4 cxd4 11. cxd4 Bg4 12. Be3 Nc4 13. Nbd2 Nxe3 14. Rxe3 Nd7
15. h3 Bh5 16. g4 Bg6 17. Nf1 h5 18. Ng3 hxg4 19. hxg4 Bg5 20. Re1 Bf4 21. Kg2
Nf6 22. Rh1 Rxh1 23. Qxh1 Bxg3 24. Kxg3 Nxe4+ 25. Bxe4 Bxe4 26. Qh8+ Ke7 27.
Qxg7 Qh8 28. Qxh8 Rxh8 29. dxe5 Bxf3 30. exd6+ Kxd6 31. Kxf3 Ke5 32. Re1+ Kd6
33. Kf4 Rc8 34. Re2 Rc4+ 35. Kf5 a5 36. g5 Ra4 37. b3 Rd4 38. f4 a4 39. bxa4
Rxa4 40. Rb2 Kc5 41. Ke5 Kc4 42. f5 b4 43. Kf6 Ra7 44. g6 fxg6 45. fxg6 Kc3 46.
Rg2 Ra6+ 47. Kf7 Ra7+ 48. Kg8 Ra8+ 49. Kh7 Ra7+ 50. g7 1-0

[Event "11. Lichtenberger Sommer"]
[Site "Berlin"]
[Date "2012.08.22"]
[Round "5.63"]
[White "Yuan, Yizheng"]
[Black "Wierzbicki, Jirawat"]
[Result "1-0"]
[WhiteElo "1895"]
[BlackElo "1584"]
[PlyCount "91"]
[EventDate "2012.??.??"]
[WhiteTeam "Sfrd. Berlin 1903 e.V."]
[BlackTeam "TuS Makkabi Berlin e.V."]

1. e4 e5 2. Nf3 Nc6 3. Bb5 a6 4. Ba4 Nf6 5. O-O Be7 6. Re1 b5 7. Bb3 d6 8. c3
O-O 9. h3 Na5 10. Bc2 c5 11. d4 Nd7 12. b3 exd4 13. cxd4 Nc6 14. Nc3 cxd4 15.
Nd5 Nde5 16. Nxd4 Nxd4 17. Qxd4 Bxh3 18. f4 Nc6 19. Qc3 Bd7 20. Bb2 f6 21. Rad1
a5 22. Qd3 Bg4 23. e5 f5 24. exd6 Bxd6 25. Qc3 Ra7 26. Qxc6 Bxd1 27. Rxd1 Rd7
28. Qxb5 Rff7 29. Bc3 Bxf4 30. Bxa5 Qc8 31. Qc4 Qxc4 32. bxc4 Ra7 33. Bb4 Bg5
34. a4 f4 35. Re1 Ra8 36. c5 Rc8 37. c6 f3 38. gxf3 Rxf3 39. Kg2 Rf7 40. c7 Bh4
41. Re2 g6 42. Bd6 Rd7 43. Bh2 Kg7 44. Be4 Rf7 45. Rc2 g5 46. Nb6 1-0

[Event "11. Lichtenberger Sommer"]
[Site "Berlin"]
[Date "2012.08.22"]
[Round "5.64"]
[White "Lieder, Günter"]
[Black "Keusch, Horst"]
[Result "1-0"]
[WhiteElo "1862"]
[BlackElo "2003"]
[PlyCount "118"]
[EventDate "2012.??.??"]
[WhiteTeam "SK Turm Bad Hersfeld"]
[BlackTeam "SC Friesen Lichtenberg e.V."]

1. e4 g6 2. d4 c6 3. Nf3 Bg7 4. c3 d5 5. exd5 cxd5 6. Bd3 Nf6 7. O-O O-O 8. Re1
Bf5 9. Qc2 e6 10. Bg5 Nbd7 11. Nbd2 Rc8 12. Ne5 Qc7 13. Ndf3 Ne4 14. Bf4 Qd8
15. Nxd7 Qxd7 16. Ne5 Qd8 17. f3 Nd6 18. Bxf5 Nxf5 19. Qd2 g5 20. Bg3 Nxg3 21.
hxg3 f6 22. Nd3 Re8 23. Rad1 Bf8 24. Re2 Bd6 25. f4 h6 26. Rde1 Qd7 27. Rf1 Qg7
28. Ree1 Qf7 29. Rf2 Qg6 30. Qd1 Rc7 31. Qf3 Rg7 32. g4 gxf4 33. Nxf4 Bxf4 34.
Qxf4 Rf7 35. Rfe2 e5 36. Qf5 Qg7 37. Rf1 Ree7 38. Rfe1 b6 39. Rd1 e4 40. Qxd5
Qxg4 41. Rde1 f5 42. Re3 Kh7 43. Rf1 Qg5 44. Rxe4 Rd7 45. Qb3 h5 46. Ref4 Rde7
47. Qd5 Qg6 48. Qf3 Qf6 49. d5 Re5 50. c4 Rf8 51. b4 Qe7 52. a3 Re3 53. Qf2 Qe5
54. Rf3 Rxf3 55. Qxf3 Qd4+ 56. Kh1 Qxc4 57. Rd1 Re8 58. d6 Re4 59. Qd3 Re8 1-0

[Event "11. Lichtenberger Sommer"]
[Site "Berlin"]
[Date "2012.08.22"]
[Round "5.65"]
[White "Müller, Johannes"]
[Black "Matitschka, Heinz"]
[Result "1/2-1/2"]
[WhiteElo "1896"]
[BlackElo "1870"]
[PlyCount "161"]
[EventDate "2012.??.??"]
[WhiteTeam "SC Eintracht Berlin e.V."]
[BlackTeam "TSG Oberschöneweide e.V."]

1. e4 e6 2. c3 d5 3. e5 c5 4. d4 Nc6 5. Nf3 Qb6 6. Be2 cxd4 7. cxd4 Nge7 8. Nc3
Nf5 9. Na4 Bb4+ 10. Bd2 Qa5 11. Bc3 Bxc3+ 12. Nxc3 Qb6 13. Na4 Qb4+ 14. Kf1 Bd7
15. a3 Qe7 16. Nc5 Nfxd4 17. Nxd4 Qxc5 18. Nb5 Nxe5 19. Rc1 Nc4 20. Rxc4 dxc4
21. Nd6+ Ke7 22. Nxc4 Rhd8 23. b4 Qd5 24. Qb1 Bb5 25. Ne3 Bxe2+ 26. Kxe2 Qd2+
27. Kf3 Qd3 28. Qb2 Qd4 29. Qc2 Rac8 30. Qxh7 Qf6+ 31. Ke2 Qb2+ 32. Kf3 Rd2 33.
Rf1 Qf6+ 34. Kg3 Qe5+ 35. Kf3 Qf6+ 36. Kg3 g6 37. Qh4 Qxh4+ 38. Kxh4 Rc3 39. a4
Rd4+ 40. g4 Rxb4 41. Re1 Kf6 42. Kg3 Rxa4 43. h4 Kg7 44. Rb1 b6 45. Rd1 b5 46.
g5 Rc8 47. Ng4 b4 48. Rd7 b3 49. Ne5 Rf8 50. Rb7 Ra5 51. f4 Rd5 52. Rxb3 Rdd8
53. Rb7 a5 54. h5 gxh5 55. g6 Kf6 56. gxf7 Kg7 57. Kh4 Ra8 58. Kxh5 a4 59. Rb2
Rh8+ 60. Kg5 Ra5 61. Rb7 Rf8 62. Re7 a3 63. Rxe6 Rxf7 64. f5 a2 65. Nxf7 a1=Q
66. Nh6 Qc1+ 67. Kg4 Qd1+ 68. Kg5 Qd2+ 69. Kh5 Qh2+ 70. Kg5 Qg3+ 71. Kh5 Kf8
72. Rf6+ Ke7 73. Rg6 Qf3+ 74. Kg5 Qe3+ 75. Kh5 Kd7 76. Rg7+ Kc6 77. Kg6 Qg3+
78. Kh7 Qd3 79. Rg6+ Kd5 80. f6 Ra7+ 81. f7 1/2-1/2

[Event "11. Lichtenberger Sommer"]
[Site "Berlin"]
[Date "2012.08.22"]
[Round "5.66"]
[White "Rauscher, Joachim"]
[Black "Baranowsky, Peter"]
[Result "0-1"]
[WhiteElo "1866"]
[BlackElo "1963"]
[PlyCount "90"]
[EventDate "2012.??.??"]
[WhiteTeam "SC Brett vor'm Kopp Ffm"]
[BlackTeam "Sfrd. Berlin 1903 e.V."]

1. e4 c5 2. Nf3 d6 3. d4 cxd4 4. Nxd4 a6 5. Nc3 Nf6 6. Bg5 Nbd7 7. f4 Qc7 8.
Qf3 e6 9. O-O-O Be7 10. g4 b5 11. Bxf6 Bxf6 12. g5 Be7 13. h4 Bb7 14. Bh3 b4
15. Nb1 Nc5 16. Rhe1 Rc8 17. Rd2 d5 18. e5 Qa5 19. f5 Ne4 20. fxe6 O-O 21.
exf7+ Rxf7 22. Be6 Rcf8 23. Rg2 b3 24. Rf1 bxa2 25. Nb3 axb1=Q+ 26. Kxb1 Qb6
27. Bxf7+ Kh8 28. Qd3 a5 29. Qd4 Qb5 30. Qd3 Qb4 31. Qd4 Qb5 32. Qd3 Qc6 33.
Nxa5 Qb6 34. Nxb7 Qxb7 35. e6 Ra8 36. c3 Qa7 37. Qxd5 Nxc3+ 38. bxc3 Qa1+ 39.
Kc2 Ra2+ 40. Kb3 Ra3+ 41. Kc2 Rxc3+ 42. Kd2 Qb2+ 43. Ke1 Rc1+ 44. Qd1 Rxd1+ 45.
Kxd1 Qxg2 0-1

[Event "11. Lichtenberger Sommer"]
[Site "Berlin"]
[Date "2012.08.22"]
[Round "5.67"]
[White "Reiche, Andreas"]
[Black "Kollars, Michael"]
[Result "1-0"]
[WhiteElo "1935"]
[BlackElo "1649"]
[PlyCount "115"]
[EventDate "2012.??.??"]
[WhiteTeam "SV Berolina Mitte e.V."]
[BlackTeam "Delmenhorster SK V 1931"]

1. e4 d6 2. f4 c5 3. c4 Nc6 4. Nc3 Nf6 5. Nf3 g6 6. d4 cxd4 7. Nxd4 Bg7 8. Nxc6
bxc6 9. Be3 Qc7 10. Be2 Rb8 11. Rb1 O-O 12. O-O Bd7 13. f5 e6 14. g4 exf5 15.
exf5 Rfe8 16. Qd3 Rxe3 17. Qxe3 Re8 18. Qf4 Qb6+ 19. Kg2 d5 20. fxg6 hxg6 21.
g5 d4 22. gxf6 dxc3 23. Bd3 c2 24. Bxc2 Re2+ 25. Rf2 Bh3+ 26. Kg3 Bh6 27. Qf3
Bg4 28. Kxg4 Rxf2 29. Qd3 Rf4+ 30. Kh3 Bg5 31. Rf1 Rxf1 32. Qxf1 Qe3+ 33. Kg2
Qd2+ 34. Qf2 Qxf2+ 35. Kxf2 Bxf6 36. b4 Bc3 37. a3 Bb2 38. a4 Bc3 39. b5 c5 40.
Ke3 Kg7 41. Ke4 Ba5 42. Kd5 Bb6 43. Kc6 Kf6 44. Kb7 Ke5 45. Bd1 Kd4 46. Be2 f5
47. h4 f4 48. a5 Bxa5 49. Kxa7 Ke3 50. Bf1 f3 51. b6 Bxb6+ 52. Kxb6 Kd4 53. Kc6
f2 54. Bh3 Ke5 55. Kxc5 Kf4 56. Kd4 Kg3 57. Bf1 Kxh4 58. c5 1-0

[Event "11. Lichtenberger Sommer"]
[Site "Berlin"]
[Date "2012.08.22"]
[Round "5.68"]
[White "Barisch, Florian"]
[Black "Gnaß, Erhard"]
[Result "1-0"]
[WhiteElo "1979"]
[BlackElo "1528"]
[PlyCount "73"]
[EventDate "2012.??.??"]
[WhiteTeam "SV 1934 Ffm-Griesheim"]
[BlackTeam "SK Zehlendorf e.V."]

1. d4 d5 2. c4 c6 3. Nc3 Nf6 4. Nf3 g6 5. Bf4 Bg7 6. e3 O-O 7. Rc1 Bg4 8. cxd5
Nxd5 9. Nxd5 Qxd5 10. Bc4 Qa5+ 11. Qd2 Qxd2+ 12. Nxd2 Bc8 13. Nf3 e6 14. Ke2
Nd7 15. Bb3 Nb6 16. Ne5 Nd5 17. Bg3 a5 18. a3 f6 19. Nd3 Kh8 20. h4 Re8 21. h5
g5 22. e4 Nc7 23. Bxc7 h6 24. e5 f5 25. Nc5 b6 26. Bxb6 Rb8 27. Bxa5 Bf8 28.
Bb4 Kg7 29. Bc4 Kf7 30. Rc3 Rd8 31. Rd1 g4 32. f3 g3 33. f4 Be7 34. Rxg3 Bd7
35. Nxd7 Rxd7 36. Rg6 Bxb4 37. Bxe6+ 1-0

[Event "11. Lichtenberger Sommer"]
[Site "Berlin"]
[Date "2012.08.22"]
[Round "5.69"]
[White "Bandsom, Olaf"]
[Black "Langner, Tobias"]
[Result "0-1"]
[WhiteElo "1800"]
[BlackElo "1948"]
[PlyCount "92"]
[EventDate "2012.??.??"]
[WhiteTeam "SC Friesen Lichtenberg e.V."]
[BlackTeam "USV Potsdam e.V., Abt. Schach"]

1. e4 c5 2. Nf3 d6 3. d4 cxd4 4. Nxd4 Nf6 5. Nc3 a6 6. Be2 e5 7. Nf3 Be6 8. O-O
Be7 9. Ng5 O-O 10. h3 Nc6 11. Be3 b5 12. a3 Na5 13. Nxe6 fxe6 14. Bg4 Nxg4 15.
Qxg4 Rf6 16. f4 Nc4 17. Bc1 Qb6+ 18. Kh1 exf4 19. Rxf4 Raf8 20. Ne2 Ne3 21.
Bxe3 Qxe3 22. Rxf6 Rxf6 23. Nc3 Qd2 24. Qe2 Rf2 25. Qg4 Qh6 26. Ne2 Qf6 27. c3
g6 28. Nd4 Rxb2 29. Qxe6+ Qxe6 30. Nxe6 Bf6 31. Nc7 a5 32. Nd5 Be5 33. Kg1 a4
34. Kf1 Rb3 35. Ke2 Bxc3 36. Nxc3 Rxc3 37. Rd1 Rxa3 38. Rxd6 Rb3 39. Ra6 a3 40.
Kd2 b4 41. e5 Rb2+ 42. Kc1 Rxg2 43. Kb1 a2+ 44. Ka1 b3 45. e6 Rg1+ 46. Kb2 Rb1+
0-1

[Event "11. Lichtenberger Sommer"]
[Site "Berlin"]
[Date "2012.08.22"]
[Round "5.70"]
[White "Schönemann, Manfred"]
[Black "Olivares, Eduardo"]
[Result "0-1"]
[WhiteElo "1788"]
[BlackElo "1849"]
[PlyCount "50"]
[EventDate "2012.??.??"]
[WhiteTeam "SV Turbine Berlin e.V."]
[BlackTeam "SC Zitadelle Spandau 1977 e.V."]

1. d4 Nf6 2. c4 e6 3. Nc3 Bb4 4. e3 O-O 5. Nf3 d5 6. Bd2 c5 7. a3 Bxc3 8. Bxc3
Nbd7 9. Bd3 dxc4 10. Bxc4 Ne4 11. Qc2 Nxc3 12. Qxc3 b6 13. O-O Bb7 14. Be2 Qf6
15. Rad1 Rac8 16. h3 Rfd8 17. Nh2 Qg5 18. Bf3 Ba6 19. Rfe1 cxd4 20. Qxd4 Nc5
21. Qg4 Qf6 22. Rxd8+ Rxd8 23. b4 Qc3 24. Rd1 Rxd1+ 25. Bxd1 Qe1+ 0-1

[Event "11. Lichtenberger Sommer"]
[Site "Berlin"]
[Date "2012.08.22"]
[Round "5.72"]
[White "Hansen, Rene Rauer"]
[Black "Kohlmeyer, Dagobert"]
[Result "1-0"]
[WhiteElo "2047"]
[BlackElo "1895"]
[PlyCount "97"]
[EventDate "2012.??.??"]
[WhiteTeam "Laeseforeningens Skakklub"]
[BlackTeam "SC Rochade e.V."]

1. d4 Nf6 2. c4 g6 3. Nf3 Bg7 4. g3 O-O 5. Bg2 c6 6. O-O d5 7. cxd5 cxd5 8. Nc3
Nc6 9. Bf4 a6 10. Rc1 Bf5 11. Ne5 Rc8 12. Na4 Nxe5 13. Bxe5 Qa5 14. Qb3 Ne4 15.
Bxe4 dxe4 16. Bxg7 Kxg7 17. Rc5 Rxc5 18. dxc5 Bd7 19. Qc3+ Qxc3 20. Nxc3 Bc6
21. Rd1 h5 22. h4 f5 23. e3 e5 24. Ne2 Bb5 25. Rd2 Bd3 26. f4 exf4 27. Nxf4 Bc4
28. b3 Bf7 29. Rd7 Rb8 30. Ne6+ Kg8 31. Ng5 Be8 32. Rc7 a5 33. Kf2 b5 34. Ne6
Bf7 35. Nd4 a4 36. Ra7 axb3 37. axb3 b4 38. c6 Rc8 39. Rb7 Bxb3 40. Nxb3 Rxc6
41. Nd4 Ra6 42. Rxb4 Ra2+ 43. Ke1 Kf7 44. Rc4 g5 45. Rc7+ Kg6 46. Rc6+ Kf7 47.
hxg5 Ra1+ 48. Kf2 Ra2+ 49. Ne2 1-0

[Event "11. Lichtenberger Sommer"]
[Site "Berlin"]
[Date "2012.08.22"]
[Round "5.73"]
[White "Kretzschmar, Jan"]
[Black "Strehlow, Horst"]
[Result "1/2-1/2"]
[WhiteElo "1839"]
[BlackElo "2074"]
[PlyCount "46"]
[EventDate "2012.??.??"]
[WhiteTeam "SC Kreuzberg e.V."]
[BlackTeam "SC Friesen Lichtenberg e.V."]

1. d4 Nf6 2. Nf3 g6 3. c4 Bg7 4. Nc3 d5 5. cxd5 Nxd5 6. e4 Nxc3 7. bxc3 O-O 8.
h3 c5 9. Bc4 Nc6 10. O-O cxd4 11. cxd4 Nxd4 12. Rb1 e6 13. Ba3 Re8 14. Re1 a6
15. e5 Nxf3+ 16. Qxf3 Qc7 17. Rbc1 Bh6 18. Bd6 Qa5 19. Rcd1 Ra7 20. Bb8 Ra8 21.
Bd6 Ra7 22. Bb8 Ra8 23. Bd6 Bf8 1/2-1/2

[Event "11. Lichtenberger Sommer"]
[Site "Berlin"]
[Date "2012.08.22"]
[Round "5.74"]
[White "Mayer, Herbert"]
[Black "Engers, Felix"]
[Result "1-0"]
[WhiteElo "1975"]
[BlackElo "1767"]
[PlyCount "74"]
[EventDate "2012.??.??"]
[WhiteTeam "SC Rochade e.V."]
[BlackTeam "SC Zitadelle Spandau 1977 e.V."]

1. c4 e5 2. Nc3 Nf6 3. g3 Nc6 4. Bg2 Bc5 5. e3 O-O 6. Nge2 Re8 7. O-O d6 8. d3
Bf5 9. a3 a6 10. b4 Ba7 11. Bb2 Qd7 12. Re1 Bh3 13. Ne4 Nxe4 14. Bxe4 Kh8 15.
Nc3 Rab8 16. Qh5 h6 17. Nd5 Bg4 18. Qh4 Bf5 19. Nf6 gxf6 20. Qxf6+ Kg8 21. Bxf5
Qe7 22. Qxh6 f6 23. Qh3 Kf7 24. Qh5+ Kg8 25. Qg4+ Qg7 26. Qxg7+ Kxg7 27. Bd7
Rh8 28. Bxc6 bxc6 29. Kg2 c5 30. Bc3 Rb7 31. Rab1 Rhb8 32. Re2 cxb4 33. axb4 c5
34. Reb2 cxb4 35. Rxb4 Rxb4 36. Rxb4 Rxb4 37. Bxb4 Bc5 1-0

[Event "11. Lichtenberger Sommer"]
[Site "Berlin"]
[Date "2012.08.22"]
[Round "5.75"]
[White "Bandlow, Matthias"]
[Black "Koerber, Bernhard"]
[Result "1-0"]
[WhiteElo "1971"]
[BlackElo "1643"]
[PlyCount "65"]
[EventDate "2012.??.??"]
[WhiteTeam "SC Borussia Friedrichsfelde 1920"]
[BlackTeam "SK Zehlendorf e.V."]

1. d4 Nf6 2. c4 g6 3. Nf3 Bg7 4. e3 O-O 5. Be2 d5 6. O-O c5 7. Nc3 cxd4 8. Nxd4
Nc6 9. Nxc6 bxc6 10. Qa4 Bb7 11. Rd1 Qc7 12. Bd2 e6 13. Rac1 Rfb8 14. cxd5 exd5
15. b4 a6 16. Bf3 Rd8 17. Ne2 Rd7 18. Nd4 Rc8 19. Rc2 Qd6 20. Rdc1 Rdc7 21. Qa5
Bf8 22. b5 c5 23. b6 Rc6 24. Nxc6 Rxc6 25. Be2 c4 26. Rb1 Qa3 27. Qxa3 Bxa3 28.
f3 Nd7 29. Bb4 Bxb4 30. Rxb4 f5 31. e4 Nxb6 32. exd5 Nxd5 33. Rxb7 1-0

[Event "11. Lichtenberger Sommer"]
[Site "Berlin"]
[Date "2012.08.22"]
[Round "5.76"]
[White "Junge, Wolfgang"]
[Black "Becker, Uwe"]
[Result "1/2-1/2"]
[WhiteElo "1799"]
[BlackElo "1817"]
[PlyCount "101"]
[EventDate "2012.??.??"]
[WhiteTeam "SC Friesen Lichtenberg e.V."]
[BlackTeam "SV Glück auf Rüdersdorf e.V."]

1. d4 d6 2. c4 Nf6 3. Nc3 Bf5 4. Nf3 Nc6 5. e3 Qd7 6. a3 a6 7. Bd3 Bg4 8. h3
Bh5 9. O-O g5 10. Be2 g4 11. Nd2 Rg8 12. g3 Bh6 13. Nde4 O-O-O 14. Nxf6 exf6
15. Nd5 Qe6 16. Nf4 Bxf4 17. exf4 Nxd4 18. Bxg4 Bxg4 19. hxg4 Ne2+ 20. Kg2 Qxg4
21. Be3 Nxf4+ 22. Bxf4 Qxf4 23. Qd3 Qh6 24. Rh1 Qg6 25. Qxg6 hxg6 26. Rh7 Rdf8
27. Re1 Kd7 28. Kf3 Rh8 29. Rg7 Rh5 30. g4 Re5 31. Rd1 Ke6 32. Rh7 c6 33. b4 b5
34. cxb5 Rxb5 35. Rhh1 Rd5 36. Rhe1+ Re5 37. Rh1 d5 38. Rc1 Rc8 39. Rc2 d4 40.
Rd1 Rd5 41. Rc4 d3 42. Ke3 Re5+ 43. Kxd3 Rd8+ 44. Kc2 Rxd1 45. Kxd1 Rd5+ 46.
Ke2 Kd6 47. f4 a5 48. Ke3 axb4 49. axb4 g5 50. f5 Rd1 51. Rd4+ 1/2-1/2